Представление документа в формате MARC21

Поле Инд. ПП Название Значение
Тип записи a
Библиографический уровень m
001 Контрольный номер RU/IS/BASE/191776775
005 Дата корректировки 20230216094916.8
020 a ISBN 5-94723-064-Х
040 b Код языка каталог. rus
041 0_ a Код языка текста rus
080 a Индекс УДК 004.9
084 a Индекс другой классификации/Индекс ББК 32.973.26-018.2
090 a Полочн. индекс 681.3
x Авторский знак Л86
097 b Оператор 02
100 1_ a Автор Луций С. А.
245 10 a Заглавие Photoshop 7
260 a Место издания Санкт-Петербург
b Издательство Питер
c Дата издания 2005
300 a Объем 336 с.
b Иллюстрации/ тип воспроизводства ил.
440 _0 a Серия Самоучитель
510 0_ a Примечание о ссылках Книги и методические пособия
650 04 a Основная рубрика 50.41 Программное обеспечение вычислительных машин, комплексов и сетей
x Основная подрубрика 50.41.25 Прикладное программное обеспечение
653 0_ a Ключевые слова Photoshop; компьютерная графика; программы (выч. техника); прикладные программы
901 t Тип документа m